| 000 | 00644nam a22002537a 4500 | ||
|---|---|---|---|
| 003 | UA-OsUOA | ||
| 001 | 94755 | ||
| 007 | ta | ||
| 008 | 20130218b un ||||| |||| 00| 0 ukr d | ||
| 100 | _aДиккенс Ч. | ||
| 090 |
_a821.111 _bД45 |
||
| 942 | _cBK | ||
| 040 |
_aUA-OsUOA _brus _cUA-OsUOA _dUA-OsUOA |
||
| 245 |
_aСобрание сочинений в тридцати томах _b21 _cКрошка Доррит |
||
| 300 |
_a481 с. _bІлюстрації |
||
| 955 | _a3 | ||
| 041 | _arus | ||
| 080 | _a821.111 | ||
| 260 |
_aМ. _bГИХЛ _c1960 |
||
| 246 | 3 | 1 |
_aКн. 2 _n |
| 044 | _aRU | ||
| 650 | 7 | _2UDC | |
| 999 |
_c381000 _d381000 |
||